Municipalities in Berkshire County, MA - Statistics

General Stats
  • This quiz has been taken 198 times
  • The average score is 22 of 32
Answers on the Map
Answers color-coded by a green-red scale on the quiz's map according to % correct below.
 
Answer Stats
Population City/Town % Correct
43,927 Pittsfield
96%
8,166 Adams
93%
12,961 North Adams
91%
7,172 Great Barrington
89%
5,788 Lee
84%
7,513 Williamstown
84%
5,095 Lenox
80%
2,018 Stockbridge
80%
160 Mount Washington
78%
1,343 West Stockbridge
78%
3,327 Sheffield
76%
694 Florida
73%
757 Hancock
73%
1,634 Otis
73%
814 Peru
73%
494 Washington
71%
1,931 Becket
69%
1,372 Egremont
69%
1,528 New Marlborough
64%
3,258 Cheshire
62%
3,038 Lanesborough
62%
1,657 Clarksburg
60%
6,330 Dalton
58%
1,095 Monterey
58%
1,407 Richmond
58%
250 New Ashford
56%
989 Sandisfield
56%
645 Savoy
51%
486 Alford
49%
427 Tyringham
49%
1,919 Hinsdale
47%
831 Windsor
44%
No matching quizzes found
Score Distribution
Percent of People with Each Score
Percentile by Number Answered
Your Score History
You have not taken this quiz